000
00319nam a22001337a 4500
008
181023b xxu||||| |||| 00| 0 eng d
020
_a
9780397549610
041
_a
eng
080
_a
616
100
_a
9
101
_a
PATF
245
_a
Pathophysiology Concepts of Altered Health States
_c
Porth, C.M
942
_2
udc
_c
BK
999
_c
50715
_d
50715